| 000 | 00622nam a2200193 i 4500 | ||
|---|---|---|---|
| 001 | 149944 | ||
| 003 | ES-MaACL | ||
| 005 | 20231230063010.0 | ||
| 007 | t| | ||
| 008 | 071025s1971 sp ||||1| spa d | ||
| 100 | 1 |
_aValle, Adriano del, _d1895-1957 _9112751 |
|
| 245 | 1 | 0 |
_aObra póstuma / _cAdriano del Valle ; prólogo de Guillermo Díaz-Plaja. |
| 250 | _a[1ª ed.]. | ||
| 260 |
_aEsplugas de Llobregat (Barcelona) : _bPlaza & Janés, _c[1971] |
||
| 300 |
_a275 p. ; _c20 cm. |
||
| 700 | 1 |
_aDíaz-Plaja, Guillermo, _d1909-1984 _9162428 |
|
| 852 |
_aES-MaACL _jC-39308 _bR.76276 |
||
| 999 |
_c149944 _d149944 |
||